| 000 | 00413nam a2200157Ia 4500 | ||
|---|---|---|---|
| 008 | 230917s9999||||xx |||||||||||||| ||und|| | ||
| 040 |
_e134243 _aMAIN |
||
| 041 | _aEnglish | ||
| 082 | _a658.3 M367S | ||
| 100 | _aMartocchio | ||
| 245 | 0 | _aStrategic compensation: a human resource management approach | |
| 250 | _a3rd ed. | ||
| 260 |
_aNew Delhi _bPearson Education _c2006 |
||
| 300 | _a527p p. | ||
| 942 | _cBK | ||
| 999 |
_c135150 _d135150 |
||